Capitali del Mondo per Lettera - L - Statistics

Statistiche generali
  • Questo quiz è stato fatto 4.292 volte
  • Il punteggio medio è 8 su 13
Statistiche sulle risposte
Country Capital City % Corretto
Portugal Lisbona
85%
Peru Lima
82%
United Kingdom Londra
81%
Slovenia Lubiana
78%
Luxembourg Lussemburgo
78%
Malta La Valletta
66%
Bolivia La Paz
61%
Angola Luanda
47%
Cuba L'Avana
46%
Gabon Libreville
38%
Togo Lomé
38%
Zambia Lusaka
37%
Malawi Lilongwe
31%
Nessun quiz corrispondente trovato
Distribuzione punteggi
Percentuale di utenti per punteggio
Percentile per numero di risposta
I tuoi punteggi nel tempo
Non hai fatto questo quiz